Bird or Fish Quiz Stats

 Plays Quiz not verified by Sporcle

Support Sporcle.
Go Orange.
Score 0/20 Timer 02:30
2 Plays Today
Question Answer Wrong Answers
Pelican Bird
91.1%
Fish
2.5%
Seagull Bird
90.3%
Fish
3.5%
Mackerel Fish
88.6%
Bird
5.2%
Albatross Bird
87%
Fish
6.9%
Puffin Bird
84.5%
Fish
9.1%
Mahi Mahi Fish
83%
Bird
10.7%
Booby Bird
81.4%
Fish
12.6%
Hake Fish
80.9%
Bird
12.6%
Pollock Fish
76.8%
Bird
16.7%
Auk Bird
73.1%
Fish
20.4%
Ling Fish
69.7%
Bird
24%
Gadfly Petrel Bird
69.1%
Fish
24.5%
Northern Fulmar Bird
65.9%
Fish
27.9%
False Albacore Fish
65%
Bird
28.9%
Amberjack Fish
60.6%
Bird
33%
Wahoo Fish
58.5%
Bird
35.6%
St. Pierre Fish
51.6%
Bird
42.3%
Marbled Murrelet Bird
47.4%
Fish
46.9%
Shearwater Bird
47.2%
Fish
46.8%
Grey Gurnard Fish
41.5%
Bird
52.2%

You're not logged in!

Compare scores with friends on all Sporcle quizzes.
OR
Log In

From the Vault

Movies Bunker II

by godpaul27

We're gonna need a bigger bunker.
Remove Ads.
Support Sporcle.
Get the best of Sporcle when you Go Orange. This ad-free experience offers more features, more stats, and more fun while also helping to support Sporcle. Thank you for becoming a member.

Show Comments

Extras

Top Quizzes Today


Score Distribution

Your Account Isn't Verified!

In order to create a playlist on Sporcle, you need to verify the email address you used during registration. Go to your Sporcle Settings to finish the process.

Report this User

Report this user for behavior that violates our Community Guidelines.

Details: